000
00300nam a2200121 a 4500
005
20141022141958.0
008
120306s19uu xx 00 eng d
050
_a
CD-ROM
_b
Ar6 2006
100
_a
Arntson, Amy E.
245
_a
Digital design basics /
_c
Amy Arntson.
260
_c
2006.
942
_c
AVM
999
_c
276107
_d
276107